|
|
|
|
| LEADER |
00000naa2a2200000 4500 |
| 001 |
93267 |
| 005 |
20231031105119.0 |
| 035 |
|
|
|a (RuTPU)RU\TPU\book\99877
|
| 090 |
|
|
|a 93267
|
| 100 |
|
|
|a 20060328d2005 k y0rusy50 ca
|
| 101 |
0 |
|
|a rus
|
| 102 |
|
|
|a RU
|
| 200 |
1 |
|
|a Индикатор вертикали на основе электролитического датчика
|f Е. С. Дорохин, А. Н. Мартынова, В. М. Мартемьянов
|
| 320 |
|
|
|a Библиогр.: 2 назв.
|
| 461 |
|
1 |
|0 (RuTPU)RU\TPU\book\96566
|t Современные техника и технологии
|o 11-я международная научно-практическая конференция студентов, аспирантов и молодых ученых, г. Томск, 29-марта - 2 апреля 2005 г.: труды
|f Томский политехнический университет
|d 2005
|
| 463 |
|
0 |
|0 (RuTPU)RU\TPU\book\96163
|t Т. 1
|v С. 102-104
|d 2005
|p 404 с.
|
| 610 |
1 |
|
|a датчики
|
| 610 |
1 |
|
|a электролитические датчики
|
| 610 |
1 |
|
|a индикаторы вертикали
|
| 610 |
1 |
|
|a гироскопы
|
| 610 |
1 |
|
|a коррекция
|
| 610 |
1 |
|
|a труды учёных ТПУ
|
| 700 |
|
1 |
|a Дорохин
|b Е. С.
|
| 701 |
|
1 |
|a Мартынова
|b А. Н.
|
| 701 |
|
1 |
|a Мартемьянов
|b В. М.
|c специалист в области приборостроения
|c доцент Томского политехнического университета, кандидат технических наук
|c выпускник Томского политехнического института 1971 г.
|f 1949-
|g Владимир Михайлович
|2 stltpush
|3 (RuTPU)RU\TPU\pers\26586
|
| 801 |
|
1 |
|a RU
|b 63413507
|c 20060328
|g PSBO
|
| 801 |
|
2 |
|a RU
|b 63413507
|c 20160621
|g RCR
|
| 942 |
|
|
|c BK
|